000 00766nam a2200181Ia 4500
008 100921s9999 xx 000 0 und d
082 _b5241
_a618.92 थ 53
100 _aकॉमस्टॉक बेल वुड.
245 _aबालविषयक समग्र ज्ञान.
260 _bओरिएँटल वॉचमन प्रकाशन,पुणे.
_c1953
300 _a364
_b---
365 _b0
520 _aतंत्रविज्ञान-बालचिकित्सा.
630 _aबालविषयक समग्र ज्ञान.
650 _aतंत्रविज्ञान-बालचिकित्सा.
730 _aबालविषयक समग्र ज्ञान.
942 _cBOOK
999 _c754354
_d754351